Elektrické meranie elektrické meracie metódy

Podrobná bibliografia
Hlavní autori: Gyárfáš, Juraj, 1923- (Autor), Gonda, Pavel (Autor), Bajcsy, Július, 1930- (Autor)
Médium: Kniha
Jazyk:slovenčina
Fyzický popis:394, [1] s. grafy, sch. 4°
Vydavateľské údaje: Bratislava Slovenská vysoká škola technická 1972
Vydanie:1. preprac. vyd.
Predmet:

MARC

LEADER 00000cam a2200000 a 4500
001 vtls008324941
003 SK-MaSNL
005 20260301145730.0
008 180814s1972 xo da f np 000 0 slo
015 |a SNBA1972/07-01700 
035 |a SK01SNK19720017158 
035 |a SKM000019621 
040 |a SNK  |b slo  |c SNK  |e AACR2 
041 0 |a slo 
044 |a xo  |c SK 
080 |a 621.317(075.8)  |2 1981 
100 1 |a Gyárfáš, Juraj,  |d 1923-  |4 aut  |9 210009 
245 1 0 |a Elektrické meranie  |b elektrické meracie metódy  |c autori: Juraj Gyárfáš, Pavel Gonda, Július Bajcsy 
250 |a 1. preprac. vyd. 
260 |a Bratislava  |b Slovenská vysoká škola technická  |c 1972 
300 |a 394, [1] s.  |b grafy, sch.  |c 4° 
366 |e 650 výtl. 
504 |a Bibliografia 
650 0 7 |a elektrické merania  |2 SNKPH  |9 3585 
655 7 |a učebnice vysokých škôl  |2 SNKPH  |9 70191 
700 1 |a Gonda, Pavel  |4 aut  |9 7799 
700 1 |a Bajcsy, Július,  |d 1930-  |4 aut  |9 13769 
958 |a OND 
958 |a RM 
958 |a RK 
958 |a UV 
958 |a NB 
999 |c 781136  |d 783066 
952 |a SNK  |b SNK  |y PREZ  |7 0  |p 17A0889723  |o snkSB 18465  |i snkKSP 5566/72  |0 0  |1 0  |4 0  |d 2015-05-04  |l 0  |r 2025-03-20 00:00:00  |w 2026-02-24 
952 |a SNK  |b SNK  |y VYP  |7 0  |o snkSB 18465 D1  |i snkKSP 5567/72  |0 0  |1 0  |4 0  |d 2015-05-04  |l 0  |r 2026-02-24 01:04:32  |w 2026-02-24